000 00831nam a2200265Ia 4500
003 OSt
005 20221007110356.0
006 a|||||r|||| 00| 0
007 ta
008 221006b |||||||| |||| 00| 0 eng d
024 _a21,005
037 _cTextual
040 _aLCO
_cLCO
_beng
041 _2eng
_aeng
082 _aZ0b Y:4, K9
100 _aHorowitz Harold W.
_9687788
245 0 _aLaw, Lawyers and Social Change
260 _aNew
_bYork The Bobbs Merrill Company U.S.A.
_c1969
300 _a531
500 _aCases and Materials on the Abolition of Slavery, Racial Segregation and Inequality of Educational Opportunity
650 _aLAWYERS
_9702575
700 _a Karst Kenneth L.
_9687789
942 _hZ0b Y:4, K9
_cTEXL
999 _c1190568
_d1190568